Представление документа в формате RUSMARC

ПолеНазваниеЗначение
  Тип записи a
  Библиографический уровень m
001 Контрольный номер 91f74b9fdb2d4c41a63596b23fcd41f1
005 Дата корректировки 20141125140947.8
010 Индекс ISBN __
a ISBN 978-5-496-00115-1
d Цена 681,00
101 Язык документа 0_
a Язык текста rus
102 Страна публикации __
a Страна публикации RU
200 Заглавие и сведения об ответственности 1_
b Общее обозначение материала Текст
a Заглавие Социальная психология
f Первые сведения об ответственности Д. Майерс
205 Сведения об издании __
b Дополнительные сведения об издании 7-е изд.
210 Выходные данные 1_
a Место издания СПб
c Издательство Питер
d Дата издания 2014
215 Физическое описание __
a Объем 800 с.
225 Серия 2_
a Серия Мастера психологии
610 Ключевые слова 0_
a Ключевые слова психология
a Ключевые слова социальная психология
a Ключевые слова социальное мышление
a Ключевые слова социальное влияние
a Ключевые слова конформизм
a Ключевые слова убеждение
a Ключевые слова секты
a Ключевые слова фасилитация социальная
a Ключевые слова деиндивидуализация
a Ключевые слова социальные отношения
a Ключевые слова предрассудки
a Ключевые слова агрессия
a Ключевые слова альтруизм
a Ключевые слова социальная помощь
a Ключевые слова конфликты
a Ключевые слова коммунитаризм
a Ключевые слова клиническая психология
a Ключевые слова правосудие
a Ключевые слова глоссарий
a Ключевые слова психологическая помощь
a Ключевые слова психология помощи
a Ключевые слова социология
686 Индексы других классификаций __
a Классификационный индекс 88.5
700 Автор _1
g Полное личное имя Дэвид
a Фамилия Майерс
b Имя Д.
801 Источник записи _0
a Страна RU
b Организация РУК
g Правила каталогизации PSBO
801 Источник записи _1
a Страна RU
b Организация РУК
g Правила каталогизации PSBO
852 Данные о местонахождении __
i Авторский знак М 14
j Шифр хранения ББК 88.5
901 Тип документа __
t Тип документа m
937 Технологическая информация __
a Создатель записи (имя) Михно
938 Служебная информация __
a Название организации Поволжский филиал
952 Тип литературы __
c Вид литературы художественное произведение
a Тип литературы для КСУ ВШ научно-популярное издание